Quizzes
Events
Quiz Creation
Community
Videos
Private Events
Remove Ads
Sign In
Join for FREE
Feedback
Dark Mode
Quiz Categories
Sports
Geography
Music
Movies
Television
Just For Fun
Miscellaneous
History
Literature
Language
Science
Gaming
Entertainment
Religion
Holiday
For Kids
Quiz Lab
Recent
Popular Today
Quiz Kudos Today
Editor Picks
Curator Picks
Quizzes by...
Day
Popularity
Type
Ratings
Length
Year
Community
Subscriptions
Recent Discussions
Orange Saloon
Badges
Playlists
Quests
Create
Leaderboards
Showdown
Live 5
Trivia Bingo
Activity
Puzzle Library
Sporcle Events
Private Events
Virtual Trivia
Globe League
Become a Host
Pub Owners
SporcleCon
Opinionation
Our Games
Videos
Blog
Mobile Apps
Partnerships
Remove Ads and Go Orange
Feedback
Geography
Country
Landmarks
City
State
Population
World
Capital
Continent
Flags
Europe
Africa
Asia
South America
North America
Oceania
Border
Canada
United Kingdom
Topography
United States
Geography
Country
Landmarks
City
State
Population
World
Capital
Continent
Flags
Europe
Africa
Asia
South America
North America
Oceania
Border
Canada
United Kingdom
Topography
United States
Random Quiz
Search Sporcle
×
Quiz Lab
Quiz Lab
Geography
Canada
Type in answers that appear in a list
Type in answers that appear in a list
Classic
Best Score? Go Orange.
Top 50 Canadian municipalities 1991 and 2011 Stats
Can you name the Top 50 Canadian municipalities 1991 and 2011?
By
didierpitre
4m
100 Questions
48 Plays
48 Plays
48 Plays
Comments
Comments
Give Quiz Kudos
Give Quiz Kudos
-
- Ratings
hide this ad
More Info
Replay
Link that replays current quiz
Next Quiz
Link to next quiz in quiz playlist
You Got
0%
They Got
Avg Score
52%
Avg Friend Score
Upgrade to see
Score Distribution
Jump to the score distribution portion of the page
Score
0/100
Timer
04:00
0
Plays Today
Year
Municipality
% Correct
1991
Toronto
100%
2011
Toronto
100%
1991
Montréal
97.9%
2011
Montréal
97.9%
1991
Calgary
95.8%
2011
Calgary
95.8%
1991
Ottawa
93.8%
2011
Ottawa
93.8%
2011
Edmonton
93.8%
1991
Edmonton
93.8%
1991
Winnipeg
91.7%
1991
Québec
91.7%
1991
Vancouver
91.7%
2011
Winnipeg
91.7%
2011
Vancouver
91.7%
2011
Québec
91.7%
1991 (cont.)
Halifax
89.6%
2011
Halifax
89.6%
1991
Saskatoon
87.5%
1991
Regina
87.5%
2011
Saskatoon
87.5%
2011
Regina
87.5%
1991
Hamilton
85.4%
2011
Hamilton
85.4%
1991
London
81.3%
2011
London
81.3%
1991
Windsor
72.9%
1991 (cont.)
St. John's
72.9%
2011
Windsor
72.9%
2011 (cont.)
St. John's
72.9%
1991
Mississauga
68.8%
2011
Mississauga
68.8%
1991 (cont.)
Oshawa
66.7%
2011 (cont.)
Oshawa
66.7%
Year
Municipality
% Correct
1991 (cont.)
Thunder Bay
62.5%
2011 (cont.)
Thunder Bay
62.5%
1991
Kitchener
60.4%
1991
Laval
60.4%
2011
Laval
60.4%
2011
Kitchener
60.4%
1991 (cont.)
Sudbury
56.3%
2011 (cont.)
Greater Sudbury/Grand Sudbury
56.3%
2011 (cont.)
Kingston
54.2%
1991
Brampton
47.9%
1991 (cont.)
St. Catharines
47.9%
2011
Brampton
47.9%
2011 (cont.)
St. Catharines
47.9%
1991 (cont.)
Kelowna
45.8%
1991 (cont.)
Niagara Falls
45.8%
1991
Markham
45.8%
2011
Markham
45.8%
2011 (cont.)
Kelowna
45.8%
1991
Surrey
43.8%
1991 (cont.)
Richmond
43.8%
2011
Surrey
43.8%
2011
Richmond
43.8%
2011 (cont.)
Barrie
43.8%
1991
Burnaby
41.7%
1991 (cont.)
Vaughan
41.7%
1991 (cont.)
Guelph
41.7%
2011
Vaughan
41.7%
2011
Burnaby
41.7%
2011 (cont.)
Guelph
41.7%
1991 (cont.)
Sherbrooke
39.6%
1991 (cont.)
Gatineau
39.6%
2011
Gatineau
39.6%
2011 (cont.)
Sherbrooke
39.6%
2011 (cont.)
Trois-Rivières
39.6%
Year
Municipality
% Correct
1991 (cont.)
Burlington
37.5%
2011 (cont.)
Burlington
37.5%
1991 (cont.)
Saint John
35.4%
2011 (cont.)
Ajax
35.4%
1991 (cont.)
Oakville
31.3%
2011 (cont.)
Oakville
31.3%
1991 (cont.)
Richmond Hill
29.2%
2011 (cont.)
Richmond Hill
29.2%
1991 (cont.)
Abbotsford
27.1%
2011 (cont.)
Abbotsford
27.1%
1991
North York
25%
1991 (cont.)
Sault Ste. Marie
25%
1991
Etobicoke
20.8%
1991
Scarborough
20.8%
2011 (cont.)
Saguenay
20.8%
2011 (cont.)
Whitby
20.8%
1991 (cont.)
Brantford
18.8%
1991
York
18.8%
1991
Longueuil
18.8%
1991 (cont.)
Cambridge
18.8%
2011
Longueuil
18.8%
2011 (cont.)
Cambridge
18.8%
1991 (cont.)
Coquitlam
16.7%
2011 (cont.)
Coquitlam
16.7%
2011 (cont.)
Saanich
14.6%
2011 (cont.)
Lévis
12.5%
2011 (cont.)
Langley
12.5%
2011 (cont.)
Chatham-Kent
12.5%
1991 (cont.)
Nepean
6.3%
1991 (cont.)
Gloucester
6.3%
2011 (cont.)
Terrebonne
4.2%
1991 (cont.)
Montréal-Nord
0%
Quiz Playlist
Details
Report
Send in Message
Add To Playlist
More Info:
Top 50 Canadian municipalities from the 1991 and 2011 census data. All names are official names (e.g. St. is different than Saint)
Classic:
Type in answers that appear in a list
Quiz Source
Last Updated: Feb 16, 2017
Quiz Scoreboard
CHALLENGE
Sign Up to Join the Scoreboard
Show All
Scores
Hide
Comments
May contain spoilers
Recently Published
An Introduction to Baseball
by treessimontrees
Sports
5m
Movies - When Are They Set?
by FPL_Elf
Movies
5m
Popular People in 1961
by mucciniale
History
6m
More to Explore
Quiz From the Vault
Featured Blog Post
Where Did the Easter Bunny Come From?
hide this ad
You Might Also Like...
Tags
Canada Quiz
Population Quiz
1991
2011
Municipality
Top 50
Today's Top Quizzes in Geography
Browse Geography
hide this ad
Today's Top Quizzes in Canada
Browse Canada
Top Contributed Quizzes in Geography
1
Countries of the World - No Outlines Minefield
2
Top 25 Cities of France on a map
3
Closest Countries to UK A-Z
4
Any capital of a 'B' country per Continent
5
One Thing in Common: United Kingdom
6
Find the Provinces of Canada - No Outlines Minefield
7
Any capital of a 'C' country per Continent
8
Blind Secret Country CLXXXVIII
9
Find the US States - No Outlines
10
Any capital of a 'D' country per Continent
Explore More
Trending Topics
Kpop
Harry Potter
Crossword
Marvel
NBA
Disney
Anime
WWE
Pokémon
NFL
Song
The Office
Puzzle
Soccer
Country
hide this ad
More By:
didierpitre
Quiz
Plays
Rating
Category
Featured
Created
Top 50 Canadian municipalities 1911, 1961 and 2011
548
4.50
Geography
Feb 9, 2012
Cities with most NHL players
457
4.00
Sports
Oct 24, 2010
Most Stanley Cups (As a Player)
417
5.00
Sports
Jun 23, 2011
Premiers of Ontario
385
5.00
History
Jun 7, 2010
Party Leaders in Canadian Elections
332
History
May 4, 2011
Go to Creator's Profile
Score Distribution
Quiz Creator Spotlight
didierpitre
Follow
Send a Message
Quizzes Created
-
Created Quiz Play Count
-
More By This Creator
Popular Quizzes Today
1
Find the Countries of Europe - No Outlines Minefield
2
Find the US States - No Outlines Minefield
3
The Countries of the World
4
Popular People in 1961
5
US States
6
Find the US States
7
1-10 Letter E Words III
8
Risky Map Clicking: Biggest States A-Z
More Geography Quizzes
US States with No Repeating Vowels
Published
Trending Quizzes
Risky Map Clicking: Least Populous States A-Z
1-10 Letter F Words
1-10 Letter G Words
Not Quite an Element Typing Challenge
One Thing in Common: United Kingdom
Recently Updated
Leaping Animals
pecheneg
Reality TV Shows (A-Z)
bhenderson79
Rickey Henderson's Hall of Fame Teammates
pecheneg
Champions League XIs: Arsenal
pecheneg
Quick Pick: Celebrities in WWE's Hall of Fame
aduchscher
A-Z Keypad Blitz II
pecheneg
Multiple Oscar Actors
pecheneg
Mystery Phrase Blitz: Oscar 'Best Actors'
pecheneg
F. Scott Fitzgerald Novels
LTH
Pick 3 Villains
ddd62291
Trending Topics
Harry Potter
Disney
Crossword
Kpop
Marvel
Anime
NBA
NFL
Pokémon
Puzzle
Country
The Office
Soccer
Song
WWE
Your Account Isn't Verified!
In order to create a playlist on Sporcle, you need to verify the email address you used during registration. Go to your
Sporcle Settings
to finish the process.
Report this User
Report this user for behavior that violates our
Community Guidelines
.
Details:
Send Report
Go to the Sporcle.com Mobile Site →
Comments